000 01001nam a2200265Ia 4500
001 Para_2798
003 CHAP
008 220125s1986 xx 000 0 und d
010 _a201274
040 _cCHAP
082 _aPA 630.71 S45 1986
111 _aSeminario del Sistema de Centros Regionales Universitarios (2: 1986: Chapingo, Méx.)
_9104100
245 _aMemoria :
_b análisis regional de la agricultura II /
_c por UACh. Subdirección de Centros Regionales
260 _aChapingo, Méx. :
_b La Subdirección
300 _a2 v.
650 _aEducación agrícola
_x Congresos Agricultura
_x Investigación
_x Congresos México
_x Educación agrícola México
_x Agricultura Planeación regional
_x México.
_9166166
710 _aUACh. Subdireción de Centros Regionales
_9166167
901 _aPA 630.71 S45 1986
902 _aA
905 _a0000001986 CHA 0000000000 00
910 _a1986
942 _cPARA
942 _cPARA
_d1
999 _c201274
_d201274